[Event "1st Archibald 2019"]
[Site "Sochi"]
[Date "2019.05.14"]
[Round "4.6"]
[White "Khalifman, Alexander"]
[Black "Oganian, Miran"]
[Result "1-0"]
[WhiteElo "2616"]
[BlackElo "2415"]
[Annotator "TA"]
[PlyCount "145"]
[EventDate "2019.05.12"]
[EventType "swiss"]
[EventCountry "RUS"]
[SourceTitle "playchess.com"]
[Source "ChessBase"]
[SourceQuality "1"]

{[%evp 20,145,27,19,24,16,21,21,21,28,44,13,6,16,8,6,57,27,34,37,30,29,27,36,20,34,37,30,64,12,41,11,35,10,9,11,19,7,14,14,14,14,14,14,14,14,14,14,17,14,14,14,18,18,11,0,0,0,8,8,8,8,77,8,98,34,177,165,172,185,185,185,307,198,192,143,140,143,125,143,184,145,135,8,8,8,8,8,86,93,158,114,7386,5507,12377,5103,2383,1994,29966,29967,29967,29966,29967,5439,29968,29969,29972,29974,29974,29973,29970,29972,29979,29980,29983,29982,29982,29983,29981,29982,29987,29988,29988,29989,29989,29990,29990,29991]} 1. d4 Nf6 2. c4 e6 3. Nf3 d5 4. g3 c6 5. Nbd2 Be7 6. Bg2 O-O 7. O-O b6 8. b3 Bb7 9. Bb2 Nbd7 10. Rc1 Rc8 11. e3 c5 {E07: Closed Catalan: Main Line (5 Nf3 0-0 6 0-0 Nbd7)} 12. Qe2 dxc4 13. Nxc4 b5 {The position is equal.} (13... cxd4 14. Nxd4 Bxg2 15. Kxg2 a6 16. Nf3 b5 17. Nce5 Qb6 18. Nxd7 {½-½ (18) Dubov,D (2691)-Korobov,A (2664) Abu Dhabi 2018}) 14. Nce5 Qb6 15. Nxd7 Nxd7 16. Rfd1 Rfd8 17. dxc5 Bxc5 (17... Nxc5 $11 18. Rxd8+ Qxd8) 18. Ng5 {Black must now prevent Qh5!} h6 $146 {[%cal Rh6g5]} ({Predecessor:} 18... g6 19. Bxb7 Qxb7 {1-0 (54) Saric,A (2540)-Horvath,C (2497) Sibenik 2016}) 19. Bxb7 Qxb7 20. Qf3 Qxf3 21. Nxf3 {Hoping for b4!} a5 22. Rc2 f6 23. Rdc1 e5 {[#]} 24. Kf1 ({White should play} 24. Bd4 $1 $14 {[%mdl 512]} Rc6 (24... exd4 25. exd4) 25. Bxc5) 24... Rc6 25. Ke2 Kf7 26. Nd2 Rdc8 27. g4 Ke6 28. h4 Kd5 29. h5 Bb4 30. Rxc6 Rxc6 31. Rxc6 Kxc6 $11 {[%mdl 4096] Endgame KBN-KBN} 32. Ne4 Nf8 33. Kd3 Ne6 34. a3 Bf8 35. Bc1 Bd6 36. a4 {aiming for axb5+.} Bb4 37. f4 bxa4 38. bxa4 Kd5 39. fxe5 Kxe5 40. Bb2+ Kd5 {[#]} 41. Bd4 (41. Nc3+ $1 $16 Kc6 42. Ke4) 41... Nf8 (41... Be1 $1 $11) 42. Ng3 (42. Nc3+ $16 Kc6 43. Ne2) 42... Ne6 (42... Nd7 $1 $14) 43. Nf5 $18 Bf8 44. e4+ Kc6 45. Kc4 Nf4 (45... Bd6 {keeps fighting.} 46. Bc3 Bc7 47. Ne7+ Kd6) 46. e5 g6 47. hxg6 fxe5 48. Bxe5 Nxg6 49. Bc3 Kb6 50. Bf6 Kc6 51. Kd4 (51. Bd4 $16) 51... Nf4 $11 52. Ke4 Nd5 53. Bd4 (53. Nd4+ {looks sharper.} Kc5 54. Bd8 Kc4 55. Nc6 Nc3+ 56. Kf5) 53... Nc7 (53... Nb6 $11 {keeps the balance.}) 54. Be3 $16 Kd7 (54... Nd5 $142) 55. Nxh6 Bxh6 $2 {[%mdl 8192]} (55... Ke6 $16) 56. Bxh6 {KB-KN} Ne8 57. Ke5 (57. Bg5 $142 Ke6 58. Kd4) 57... Nd6 $18 58. Kd5 Nc8 59. Be3 Ne7+ 60. Kc5 Nc6 61. Bd4 (61. g5 $142 Ne5 62. Kb5 Ng6 63. Bd2 Nf8 64. Bxa5 Ng6 65. Bb6 Kc8 66. a5) 61... Ne7 62. Bc3 {White mates.} Kc7 63. Bxa5+ Kb7 64. Bc3 Ng6 65. g5 Nf4 66. Kd6 Ka6 67. Bd2 Ng6 68. Ke6 Nh4 69. Kf6 Kb7 70. Be1 Ng2 71. Bg3 Ne3 72. g6 Nd5+ 73. Ke6 {Accuracy: White = 57%, Black = 27%.} 1-0

[Event "1st Archibald 2019"]
[Site "Sochi"]
[Date "2019.05.14"]
[Round "4.7"]
[White "Bogdanovich, Stanislav"]
[Black "Gochelashvili, David"]
[Result "1-0"]
[WhiteElo "2581"]
[BlackElo "2392"]
[Annotator "TA"]
[PlyCount "72"]
[EventDate "2019.05.12"]
[EventType "swiss"]
[EventCountry "RUS"]
[SourceTitle "playchess.com"]
[Source "ChessBase"]
[SourceQuality "1"]

{[%evp 37,72,0,33,19,48,52,69,62,166,187,201,205,194,195,186,175,318,283,854,856,888,883,1247,489,488,486,522,516,511,463,405,406,639,614,878,889,878]} 1. d4 g6 2. e4 Bg7 3. Nc3 c5 4. Nf3 cxd4 5. Nxd4 Nc6 6. Be3 Nf6 7. Bc4 O-O 8. Bb3 d6 9. f3 Bd7 10. Qd2 Rc8 11. O-O-O Ne5 12. Bh6 Nc4 13. Bxc4 Rxc4 14. Bxg7 Kxg7 15. h4 h5 16. g4 hxg4 17. h5 Rh8 18. hxg6 fxg6 19. f4 e5 20. Nde2 {Hoping for Rxh8. B78: Sicilian Dragon: Yugoslav Attack, 9 Bc4 Bd7 10 0-0-0 Rc8} Rc6 (20... Rxh1 21. Rxh1 Nxe4 22. Nxe4 Rxe4 23. fxe5 Rxe2 24. Qh6+ Kf7 25. Qh7+ Ke6 26. Qxg6+ Kxe5 27. Rh5+ Kf4 28. Qxd6+ {½-½ (36) Horvath,J (2520)-Kantor,G (2518) Budapest 2018}) 21. fxe5 dxe5 22. Qg5 {White is slightly better.} Rh3 $146 ({Black should play} 22... Rxh1 $14 23. Rxh1 Qe7) ({Predecessor:} 22... Qe8 23. Rxh8 Kxh8 24. Qh6+ Kg8 25. Nd5 Nh5 26. Rh1 Qf8 27. Qg5 Kh7 28. Qxe5 {½-½ (65) Susnik,M (2098)-Beletic,D (2249) Ljubljana 2013}) 23. Qxe5 $18 Re6 {[#]} 24. Qg5 $1 Qe8 {[#]} 25. Rhf1 $1 Rh5 26. Qd2 {Nf4 is the strong threat.} Ra6 (26... Bb5 {might work better.}) 27. Nf4 (27. Rxf6 Rxf6 28. Qxd7+ Qxd7 $16) 27... Rha5 $2 (27... Re5 28. Nd3 Bb5 29. Nxe5 Bxf1 30. Nxg4 Nxg4) 28. Nfd5 Nxd5 29. Nxd5 Qe5 30. Qf2 (30. Qb4 $142 {Intending Qf8+ and mate.} Rd6 31. Qxa5) 30... Bf5 {White should prevent ...g3.} 31. Nc3 ({Resist} 31. exf5 Rxd5 32. Rxd5 Qxd5 $18) 31... g3 32. Qf3 g2 33. Qxg2 ({Less strong is} 33. exf5 gxf1=Q 34. Qxb7+ Kf8 $14) 33... Bc8 34. Kb1 Rb6 (34... Qe7 $142 35. Rd5 Be6 36. Rxa5 Rxa5) 35. Qd2 Rc5 {aiming for ...Qxc3.} 36. Qd8 {Qf8+ would kill now.} Rf6 {Accuracy: White = 84%, Black = 16%.} 1-0

[Event "1st Archibald 2019"]
[Site "Sochi"]
[Date "2019.05.14"]
[Round "4.8"]
[White "Tsydypov, Zhamsaran"]
[Black "Eraschenkov, Denis"]
[Result "1-0"]
[WhiteElo "2546"]
[BlackElo "2391"]
[Annotator "TA"]
[PlyCount "69"]
[EventDate "2019.05.12"]
[EventType "swiss"]
[EventCountry "RUS"]
[SourceTitle "playchess.com"]
[Source "ChessBase"]
[SourceQuality "1"]

{[%evp 17,68,30,23,37,43,12,66,31,55,0,11,0,0,0,0,0,0,2,20,13,15,4,11,8,8,12,16,14,28,8,8,6,7,7,77,25,215,195,331,335,414,324,324,307,570,532,1154,1152,5585,1174,29994,29995,29996]} 1. e4 e5 2. Nf3 Nf6 3. Nxe5 d6 4. Nf3 Nxe4 5. d4 d5 6. Bd3 Bd6 7. O-O O-O 8. c4 c6 9. Qc2 Na6 10. a3 {C42: Petroff Defence: 3 Nxe5 and unusual White 3rd moves} f5 11. b4 Qf6 $146 (11... Nc7 $11) ({Predecessor:} 11... Nc7 12. Nc3 Qe8 13. c5 Be7 14. Ne2 Bf6 15. Bb2 Ne6 16. Rae1 Qe7 17. b5 g6 {½-½ (40) Piorun,K (2640)-Tregubov,P (2589) Germany 2018}) 12. c5 {White is slightly better.} Bc7 13. Bb2 Nb8 14. Ne5 Nd7 {[%cal Rd7e5]} 15. f4 g5 16. Nd2 {[%cal Rd2e4]} gxf4 {[%cal Rd7e5]} 17. Ndf3 Qh6 18. Nxd7 Bxd7 19. Ne5 Bxe5 20. dxe5 Be6 21. Bc1 Kh8 22. Bxf4 Qh4 23. Bxe4 fxe4 24. Be3 Kg8 25. Qd2 Qg4 (25... Rxf1+ $11 26. Rxf1 Rf8) 26. Bh6 (26. Rf6 $16 {h3 is the strong threat.} Rxf6 27. exf6) 26... Rf5 $2 (26... Rf3 $11 {and Black is okay.}) 27. Rxf5 $18 Bxf5 (27... Qxf5 {was called for.} 28. Rf1 Qh5) 28. Rf1 Re8 29. h3 Qg6 30. g4 e3 $2 (30... Re6 31. Bg5 (31. Rxf5 Qxh6 32. Qc3 Re8 $11) 31... e3 32. Qxe3 Bd3) 31. Qxe3 Bd3 32. Rf3 {[#] Strongly threatening Qf4.} Be2 33. Rf5 (33. Rf2 $142 Bd3 {[#]} 34. e6 $1 {[%mdl 512]}) 33... Kh8 34. e6 Bb5 {Accuracy: White = 53%, Black = 27%.} 35. e7 1-0

[Event "1st Archibald 2019"]
[Site "Sochi"]
[Date "2019.05.14"]
[Round "4.9"]
[White "Martinovici, Ilie"]
[Black "Korneev, Oleg"]
[Result "1-0"]
[WhiteElo "2367"]
[BlackElo "2530"]
[Annotator "TA"]
[PlyCount "149"]
[EventDate "2019.05.12"]
[EventType "swiss"]
[EventCountry "RUS"]
[SourceTitle "playchess.com"]
[Source "ChessBase"]
[SourceQuality "1"]

{[%evp 16,149,11,6,7,8,8,12,7,6,17,5,29,26,46,42,40,41,69,62,102,115,117,41,73,69,54,62,61,66,71,0,5,-27,-27,-67,123,123,123,123,124,126,126,126,126,127,134,123,135,130,119,134,153,145,178,172,166,170,187,177,234,189,197,172,164,141,183,183,248,264,271,222,200,118,116,52,52,52,52,58,62,62,63,72,271,271,270,255,391,384,384,384,29943,29946,29946,29953,29947,29951,29953,29952,2338,1758,29964,29965,29961,29963,29958,29960,29962,29962,29967,29968,29967,29970,29970,29971,29971,29972,29971,29971,29972,29972,29974,29975,29975,29976,29976,29977,29977,29978,29978,29979,29978,29979,29978,12359]} 1. d4 d5 2. c4 c6 3. Nf3 Nf6 4. Qc2 dxc4 5. Qxc4 Bf5 6. g3 e6 7. Bg2 Nbd7 8. O-O Be7 9. e3 O-O {D23: Queen's Gambit Accepted: 3 Nf3 Nf6 sidelines} 10. Qe2 Qa5 11. Nc3 Ne4 {The position is equal.} 12. Bd2 Nxd2 13. Nxd2 Bg6 (13... Rfd8 14. Rfd1 Rac8 15. e4 Bg6 {½-½ (25) Bu,X (2725)-Shankland,S (2671) Liaocheng 2018}) 14. a3 Rac8 $146 ({Predecessor:} 14... Nf6 15. h3 Nd5 16. Rfc1 Nxc3 17. Rxc3 Rfd8 18. Rac1 Qc7 19. b4 {0-1 (41) Nadera,B (2401)-Gomez,J (2464) Manila 2008}) 15. b4 Qc7 16. Nb3 e5 17. d5 $1 Nf6 18. dxc6 bxc6 19. Qc4 (19. Na5 $16) 19... Bf5 {Hoping for ...Be6.} 20. Ne4 Nxe4 21. Bxe4 Be6 22. Qc2 f5 23. Bg2 (23. Bd3 $1 $16) 23... c5 $11 24. Rfc1 {[%cal Rb3c5]} c4 25. Bf1 e4 $2 {[#]} (25... Qb6 $1 $15 {stays ahead.} 26. Na5 c3) 26. Nc5 $1 $16 {[%cal Rc5e6][%mdl 512]} Bxc5 27. Bxc4 Bxc4 28. Qxc4+ {[%mdl 64] Double Attack, Pin} Qf7 {Strongly threatening ...Qxc4.} 29. bxc5 Qxc4 30. Rxc4 {[%mdl 4096] Endgame KRR-KRR} Rf6 31. Rb1 Rfc6 32. Rb5 a6 33. Ra5 Kf7 34. Kg2 Rd8 35. Rca4 Rd5 36. Rxa6 Rxa6 37. Rxa6 Rxc5 $18 {KR-KR} 38. h3 Rc2 39. Ra5 Kf6 40. g4 g6 41. gxf5 gxf5 (41... g5 {was called for.} 42. a4 Ra2) 42. Kg3 h5 {intending ...h4+.} 43. Ra6+ Kg7 44. h4 (44. a4 $18) 44... f4+ $16 45. exf4 ({Better is} 45. Kxf4 $16 Rxf2+ 46. Kg5 (46. Kxe4 Rh2 $16)) 45... Rc3+ $14 46. Kg2 {Re6 is the strong threat.} Rf3 47. Ra5 {aiming for a4.} Kh6 48. f5 {And now a4 would win.} Rf4 $1 49. Ra6+ $1 Kg7 $2 (49... Kh7 $16) 50. Rg6+ $18 Kf7 {[#]} 51. a4 $1 {[%cal Ba3a4,Ba4a5,Ba5a6,Ba6a7][%mdl 32]} Rxh4 (51... Rxf5 $142 52. Rg5 Rf4 53. Rxh5 Rg4+ 54. Kh3 Rf4) 52. a5 Rf4 {[#]} 53. Rg3 $1 Rxf5 $2 (53... e3 $18 54. fxe3 (54. Rxe3 Ra4 $16) 54... Ra4) 54. Ra3 Ke6 55. a6 Rf8 56. a7 Ra8 57. Kg3 Ke5 58. Ra5+ Kd6 59. Kh4 {White mates.} Kc6 60. Kxh5 Kb6 61. Ra2 Kb7 62. Kg4 Rg8+ 63. Kf4 Ka8 64. Kxe4 Re8+ 65. Kf3 Rf8+ 66. Ke2 Re8+ 67. Kf1 Re7 68. f4 Re4 69. f5 Rf4+ 70. Rf2 Rc4 71. f6 Rc8 72. Kg2 Kxa7 73. f7 Rf8 74. Kg3 Kb6 75. Kg4 {Accuracy: White = 73%, Black = 46%.} (75. Kh4 $142 Kc5 76. Kg5 Kd6 77. Kf6 Ra8 78. Re2 Rf8 79. Ra2 Kc6 80. Ra4) 1-0

[Event "1st Archibald 2019"]
[Site "Sochi"]
[Date "2019.05.14"]
[Round "4.10"]
[White "Raja Harshit"]
[Black "Gritsayeva, Oksana"]
[Result "0-1"]
[WhiteElo "2446"]
[BlackElo "2383"]
[Annotator "TA"]
[PlyCount "68"]
[EventDate "2019.05.12"]
[EventType "swiss"]
[EventCountry "RUS"]
[SourceTitle "playchess.com"]
[Source "ChessBase"]
[SourceQuality "1"]

{[%evp 11,68,6,13,18,26,9,35,30,25,25,35,35,27,16,25,25,39,38,30,40,36,40,37,48,22,36,41,45,28,0,0,0,0,0,45,0,33,-31,-21,-59,-55,-82,-81,-112,-121,-147,-96,-980,-993,-901,-856,-1277,-1167,-1431,-1454,-1381,-1356,-1383,-1379]} 1. e4 c6 2. Nf3 d5 3. Nc3 Bg4 4. h3 Bxf3 5. Qxf3 e6 6. d4 dxe4 7. Qxe4 {B11: Caro-Kann: Two Knights Variation} Nf6 8. Qd3 (8. Qh4 {with more complications.} Bd6 9. Bd3 Nbd7 10. O-O h6 11. Ne4) 8... Nd5 9. a3 {White is slightly better.} Nxc3 $146 ({Predecessor:} 9... Be7 10. Ne2 O-O 11. g3 Nd7 12. Bg2 e5 13. O-O exd4 14. Nxd4 Bf6 {½-½ (58) Vallejo Pons,F (2697)-Illescas Cordoba,M (2601) Don Benito 2012}) 10. Qxc3 Be7 11. Be2 Bf6 12. Qb4 Qb6 13. Be3 Nd7 14. O-O Qc7 15. c4 a5 16. Qd2 O-O 17. d5 exd5 18. cxd5 cxd5 19. Qxd5 Bxb2 20. Rab1 Bxa3 21. Rxb7 Nf6 {[%cal Bd7f6,Bf6e4,Be4c3][%mdl 32]} 22. Qb5 ({Don't play} 22. Rxc7 Nxd5 23. Rb7 Rae8 $17) 22... Qd6 23. Rb6 {[%mdl 1024] White has compensation.} (23. Bf3 $5 {[%cal Rf1d1]} Rab8 24. Qxa5 $14) 23... Qd7 24. Qg5 (24. Bf3 $14 Qxb5 25. Rxb5) 24... Ne4 $15 25. Qh4 Nc3 26. Bg4 Qd3 27. Qh5 g6 28. Qh4 Rfb8 (28... a4 $142 29. Bf3 Rab8) 29. Rc6 $2 {[%mdl 8192] [#]} (29. Qf6 $17 Rxb6 30. Qxb6) 29... Qxf1+ $1 $19 {[%mdl 512] Black is clearly winning.} 30. Kh2 (30. Kxf1 Rb1+) 30... Qd3 {aiming for ...Bd6+.} 31. Rf6 Re8 32. Rxf7 Kxf7 33. Qxh7+ Kf6 34. Qh4+ Kg7 {Accuracy: White = 37%, Black = 77%.} 0-1

[Event "1st Archibald 2019"]
[Site "Sochi"]
[Date "2019.05.14"]
[Round "4.11"]
[White "Isanzhulov, Arystan"]
[Black "Solozhenkin, Evgeniy"]
[Result "1-0"]
[WhiteElo "2254"]
[BlackElo "2441"]
[Annotator "ChessBase"]
[PlyCount "61"]
[EventDate "2019.05.12"]
[EventType "swiss"]
[EventCountry "RUS"]
[SourceTitle "playchess.com"]
[Source "ChessBase"]
[SourceQuality "1"]
[TimeControl "5400+30"]

1. e4 {[%emt 0:00:00]} c5 {[%emt 0:00:00]} 2. d4 {[%emt 0:00:00]} cxd4 {[%emt 0:00:05]} 3. c3 {[%emt 0:00:00]} dxc3 {[%emt 0:00:27]} 4. Nxc3 {[%emt 0:00:00]} Nc6 {[%emt 0:00:38]} 5. Nf3 {[%emt 0:00:00]} e6 {[%emt 0:00:46]} 6. Bc4 {[%emt 0:00:42]} Qc7 {[%emt 0:00:26]} 7. O-O {[%emt 0:00:07]} Nf6 {[%emt 0:00:34]} 8. Nb5 {[%emt 0:00:06]} Qb8 {[%emt 0:00:05]} 9. e5 {[%emt 0:00:34]} Ng4 {[%emt 0:00:12]} 10. Bf4 {[%emt 0:00:00]} a6 {[%emt 0:00:00]} 11. Nd6+ {[%emt 0:00:00]} Bxd6 {[%emt 0:00:00]} 12. exd6 {[%emt 0:00:03]} O-O {[%emt 0:00:00]} 13. h3 {[%emt 0:00:00]} Nf6 {[%emt 0:00:00]} 14. Ne5 {[%emt 0:00:00]} Nxe5 {[%emt 0:23:40]} 15. Bxe5 {[%emt 0:01:54]} Ne8 {[%emt 0:00:02]} 16. a4 {[%emt 0:00:15]} b5 {[%emt 0:11:23]} 17. axb5 {[%emt 0:03:40]} axb5 {[%emt 0:00:04]} 18. Rxa8 {[%emt 0:00:22]} Qxa8 {[%emt 0:00:03]} 19. Bxb5 {[%emt 0:00:05]} Bb7 {[%emt 0:00:51]} 20. Qa4 {[%emt 0:20:40]} Bxg2 {[%emt 0:03:45]} 21. Qxa8 {[%emt 0:00:14]} Bxa8 {[%emt 0:00:04]} 22. Bxd7 {[%emt 0:01:09]} Nf6 {[%emt 0:00:09]} 23. Bxf6 {[%emt 0:08:08]} gxf6 {[%emt 0:00:04]} 24. Rc1 {[%emt 0:00:00]} Bb7 {[%emt 0:11:13]} 25. Rc7 {[%emt 0:00:19]} Rb8 {[%emt 0:00:00]} 26. b4 {[%emt 0:00:32]} Kf8 {[%emt 0:10:26]} 27. b5 {[%emt 0:02:55]} Be4 {[%emt 0:00:00]} 28. Bc6 {[%emt 0:04:53]} Bf5 {[%emt 0:00:10]} 29. b6 {[%emt 0:00:41]} Bxh3 {[%emt 0:10:33]} 30. b7 {[%emt 0:00:00]} e5 {[%emt 0:00:34]} 31. Bd7 {[%emt 0:00:33]} 1-0

[Event "1st Archibald 2019"]
[Site "Sochi"]
[Date "2019.05.14"]
[Round "4.12"]
[White "Kovalchuk, Alexey"]
[Black "Mikhailovsky, Vladimir"]
[Result "1/2-1/2"]
[WhiteElo "2410"]
[BlackElo "2180"]
[Annotator "TA"]
[PlyCount "155"]
[EventDate "2019.05.12"]
[EventType "swiss"]
[EventCountry "RUS"]
[SourceTitle "playchess.com"]
[Source "ChessBase"]
[SourceQuality "1"]

{[%evp 14,155,47,50,46,32,29,32,48,15,22,31,40,61,71,45,51,45,52,44,68,62,86,85,97,61,95,60,96,106,138,135,134,141,124,123,145,115,187,179,187,187,187,187,187,177,189,0,181,161,179,0,191,110,186,0,191,0,199,179,182,149,199,199,248,185,252,104,104,90,101,87,106,106,112,103,113,112,113,113,114,114,118,113,125,125,118,113,137,137,137,130,130,0,137,137,137,130,130,125,130,0,130,111,120,111,107,0,122,0,130,130,130,114,130,0,130,130,130,130,130,130,130,130,203,113,130,113,130,130,130,130,131,131,131,118,133,125,125,122,164,0,129,114]} 1. e4 d6 2. d4 g6 3. c4 Bg7 4. Nc3 Nf6 5. f3 O-O 6. Be3 c6 7. Qd2 Re8 8. Bd3 a6 {E81: King's Indian: Sämisch: 6th move deviations (including 6 Be3 c6)} (8... e5 9. d5 a6 10. Nge2 cxd5 11. cxd5 b5 12. b4 Nbd7 13. a4 bxa4 14. Rxa4 Nb6 15. Ra5 Rb8 16. O-O Na8 17. Na4 Nc7 18. Rc1 {1-0 (62) Elsness,F (2482)-Gislason,G (2318) London 2013}) 9. a4 a5 10. Nge2 Na6 {White is slightly better.} 11. Rc1 $146 ({Predecessor:} 11. Rd1 Nb4 12. Bb1 Be6 13. b3 Rb8 14. O-O Qc7 15. h3 Rf8 16. Rc1 Bd7 17. f4 {1-0 (29) Maslak,A (2201)-Knoefel,M (2027) Olomouc 2008}) 11... Nb4 12. Bb1 Qc7 13. O-O Bd7 14. Ng3 Rad8 15. Nh1 e5 16. d5 Nh5 17. Nf2 c5 18. Nb5 Bxb5 19. cxb5 b6 20. b3 Qe7 21. Nh3 Qf8 22. g4 Nf6 23. Nf2 h6 24. Kg2 Nh7 25. Nh1 f6 (25... Bf6 $16 {is a better defense.}) 26. h4 Kf7 27. Ng3 Ke7 28. Rh1 Kd7 29. Rcf1 Kc7 30. Rc1 $2 (30. h5 $18) 30... Rd7 $2 (30... Kd7 $1 $11) 31. Rc4 Kb7 32. Rcc1 Kc7 $1 33. Rc3 ({Better is} 33. h5 $18) 33... Red8 (33... h5 $16 34. gxh5 f5) 34. Rcc1 Re8 $1 35. Rcf1 $2 (35. h5 $18) 35... Ree7 $2 (35... Rdd8 $1 $11) 36. Ne2 Re8 37. Rh3 g5 38. Ng3 Qg8 39. Nf5 Nf8 {[#]} (39... gxh4 {was worth a try.} 40. Rxh4 Ng5) 40. hxg5 (40. h5 $1 $18 {is more deadly.}) 40... hxg5 $16 41. Bd3 Ng6 42. Bc4 Rf8 43. Rfh1 Rff7 44. Kf1 Kb7 45. Qh2 Kc7 46. Ke1 Bf8 47. Kd1 Bg7 48. Rh5 Bf8 49. Kc1 Bg7 50. Kb2 Bf8 51. Bd2 Kb8 52. Qf2 Rh7 53. Qh2 {[%cal Rh5h7]} Rhf7 54. Kb1 Kb7 55. Be3 Kb8 56. Kc1 Kb7 57. Kd1 (57. Bd2 $16) 57... Kb8 (57... Kc7 $1 $11 {remains equal.}) 58. Ke1 Kb7 59. Kf1 Kb8 60. Ke1 Kb7 $1 61. Kd1 ({White should try} 61. Kd2 $16) 61... Kc7 (61... Kb8 $11 {keeps the balance.}) 62. Bd2 Kb7 63. Qf2 Rh7 64. Qh2 {[%cal Rh5h7]} Rhf7 $1 65. Qh3 Kb8 66. Rh2 Kc7 67. Qf1 Kb7 68. Qh1 Kc7 {[#]} (68... Bg7 $16 69. Kc1 Qd8) 69. R2h3 (69. Bxb4 $1 $18 axb4 70. Kc2) 69... Kb7 70. Qg2 Kc7 71. Rh1 Rh7 72. Qh2 {[%cal Rh5h7]} Rhf7 73. Bf1 Kb7 74. Rh3 Kb8 75. Qf2 Rh7 76. Rh5 Kb7 77. Qh2 {[%cal Rh5h7]} Rhf7 $1 78. Ne3 {Accuracy: White = 38%, Black = 44%.} 1/2-1/2

[Event "1st Archibald 2019"]
[Site "Sochi"]
[Date "2019.05.14"]
[Round "4.13"]
[White "Pogosian, Manvel"]
[Black "Makoveev, Ilya"]
[Result "1/2-1/2"]
[WhiteElo "2388"]
[BlackElo "2290"]
[Annotator "NA"]
[PlyCount "77"]
[EventDate "2019.05.12"]
[EventType "swiss"]
[EventCountry "RUS"]
[SourceTitle "playchess.com"]
[Source "ChessBase"]
[SourceQuality "1"]
[TimeControl "5400+30"]

{[%evp 8,77,2,22,16,9,32767,32767,31,8,32767,6,63,54,58,25,27,32767,32767,26,49,61,67,50,80,32767,32767,32767,81,80,81,32767,59,13,20,0,32767,32767,0,8,12,13,14,16,32767,32767,14,3,3,0,32767,0,33,32767,0,5,37,32767,32767,0,33,34,25,0,0,0,31,0,0,0,0,0]} 1. d4 {[%emt 0:00:00]} Nf6 {[%emt 0:00:00]} 2. Nf3 {[%emt 0:00:00]} g6 {[%emt 0:00:00]} 3. g3 {[%emt 0:00:46]} Bg7 {[%emt 0:00:22]} 4. c4 {[%emt 0:00:16]} O-O {[%emt 0:00:00]} 5. Bg2 {[%emt 0:00:02]} d5 {[%emt 0:00:20]} 6. cxd5 {[%emt 0:00:38]} Nxd5 {[%emt 0:00:42]} 7. O-O {[%emt 0:00:00]} Nc6 {[%emt 0:01:02]} 8. Nc3 {[%emt 0:01:57]} Nb6 {[%emt 0:00:32]} 9. d5 {[%emt 0:04:59]} Bxc3 {[%emt 0:11:36] D76: Fianchetto Grünfeld: Main Line with 7...Nb6} (9... Ne5 10. Nxe5 Bxe5 11. Bh6 Re8 12. Rc1 a6 13. e4 e6 14. f4 Bh8 15. e5 exd5 16. Nxd5 Nxd5 17. Qxd5 Qxd5 18. Bxd5 {1-0 (55) Li,C (2699)-Corrales Jimenez,F (2563) chess.com INT 2019}) 10. dxc6 {[%emt 0:04:40]} Bg7 {[%emt 0:01:03]} 11. Qc2 {[%emt 0:09:30]} bxc6 {[%emt 0:04:10]} 12. Rd1 {[%emt 0:08:23]} Bf5 {[%emt 0:13:49]} 13. Qb3 {[%emt 0:00:24]} Nd7 $146 {[%emt 0:02:47]} ({Predecessor:} 13... Qe8 14. Nd4 Bd7 15. Qc2 Nd5 16. e4 Nb6 17. Be3 {½-½ (44) Valderrama Quiceno,E (2433)-Guerrero Sierra,J (2315) Medellin 2018}) 14. Nd4 {[%emt 0:08:20]} Nc5 {[%emt 0:03:56]} 15. Qc4 {[%emt 0:01:58]} Ne6 {[%emt 0:02:06]} 16. Be3 {[%emt 0:01:13]} Nxd4 {[%emt 0:00:43]} 17. Bxd4 {[%emt 0:00:06]} Bxd4 {[%emt 0:00:01]} 18. Rxd4 {[%emt 0:00:07]} Qb8 {[%emt 0:01:23]} 19. b3 {[%emt 0:01:44]} Qb6 {[%emt 0:00:41]} 20. Bxc6 {[%emt 0:03:59]} Rad8 {[%emt 0:00:26]} 21. Rxd8 {[%emt 0:11:36]} Rxd8 {[%emt 0:00:00]} 22. Bf3 {[%emt 0:00:31]} e5 {[%emt 0:12:27]} 23. e3 {[%emt 0:03:28]} Qf6 {[%emt 0:04:32]} 24. Rd1 {[%emt 0:21:36]} ({Don't go for} 24. Qxc7 $2 e4 $19 {[%mdl 64] Discovered Attack}) 24... Rxd1+ {[%emt 0:09:21]} 25. Bxd1 {[%emt 0:00:00]} Qd6 {[%emt 0:01:40]} 26. Bg4 {[%emt 0:06:10]} Bxg4 {[%emt 0:02:08]} 27. Qxg4 {[%emt 0:00:05]} Kg7 {[%emt 0:01:12]} 28. Qc4 {[%emt 0:02:18]} h5 {[%emt 0:04:25]} 29. h4 {[%emt 0:00:21]} Kf8 {[%emt 0:02:20]} 30. a4 {[%emt 0:00:00]} Ke7 {[%emt 0:02:13]} 31. a5 {[%emt 0:01:19]} c6 {[%emt 0:11:20]} 32. b4 {[%emt 0:03:41]} Qd1+ {[%emt 0:01:56]} 33. Kh2 {[%emt 0:00:14]} Qd5 {[%emt 0:01:05]} 34. Qa6 {[%emt 0:01:55]} Qd7 {[%emt 0:00:14]} 35. Qc4 {[%emt 0:02:22]} Qd5 {[%emt 0:00:00]} 36. Qa6 {[%emt 0:01:47]} Qd7 {[%emt 0:00:15]} 37. Kg1 {[%emt 0:00:13]} Qd1+ {[%emt 0:00:07]} 38. Kg2 {[%emt 0:00:08]} Qd5+ {[%emt 0:00:08]} 39. Kh2 $11 {[%emt 0:01:30]} 1/2-1/2